| 000 | 00352nam a2200133Ia 4500 | ||
|---|---|---|---|
| 005 | 20260328104326.0 | ||
| 008 | 260328s9999||||xx |||||||||||||| ||und|| | ||
| 100 | _aCampbell, Kelvin | ||
| 245 | 0 |
_aMaking Massive Small Change : _b Tools, Tactics| / _cKelvin Campbell |
|
| 260 | _bChelsea Green | ||
| 300 | _a350 p. | ||
| 650 | _aURBANISMO | ||
| 942 | _cBK | ||
| 999 |
_c11533 _d11533 |
||